Culture générale #1 - Géographie - Statistiques

Statistiques générales
  • Ce quiz a été pris 114 fois
  • Le résultat moyen est 7 sur 16
Statistiques - réponses
Question Réponse % Correct
Quelle est la capitale la plus proche de Paris ? Bruxelles
86%
Quel est le département 971 ? La Guadeloupe
77%
Quel pays ne reconnait pas la Corée du Nord ? La Corée du Sud
76%
Qui a fait le premier tour du monde ? Fernand de Magellan
63%
Le moins densément peuplé ? La Mongolie
51%
Citez le pays présent sur l'est de l'île d'Hispaniola La République Dominicaine
51%
Quelle île se partagent l'Indonésie, la Malaisie et Brunei ? Bornéo
44%
La plus grande réserve d'eau douce du monde Le lac Baïkal
42%
Quel est le point le plus éloigné des terres émergées de la planète ? Le point Nemo
39%
Quelle est la capitale du Burundi Gitega
28%
Quel fleuve qui coule en Asie a un nom Français ? L'Amour
26%
Quel est le pays le plus densément peuplé au monde ? Le Bangladesh
23%
Le plus élevé ? La Suisse
22%
Quel fleuve a un nom qui fait 2 lettres ? L'Ob
20%
Dans quel pays l'IDH est il le plus faible ? Le Soudan du Sud
16%
Quel fleuve en découle ? La Léna
8%
Aucun quiz correspondant
Distribution des résultats
% des personnes avec chaque résultat
Percentile par nombre de réponses
Votre historique - résultats
Vous n’avez pas pris ce quiz